Smoking, Drinking and Drug Use Among Young Teenagers in 1998 (Record no. 617550)

MARC details
000 -LEADER
fixed length control field 00514nam a2200169 a 4500
008 - FIXED-LENGTH DATA ELEMENTS--GENERAL INFORMATION
fixed length control field 260311s2026##################000#0#eng##
020 ## - INTERNATIONAL STANDARD BOOK NUMBER
ISBN 9780116212634
Paper back/Hardbound pbk
082 04 - DEWEY DECIMAL CLASSIFICATION NUMBER
Classification number 362.2920835
Item number GOD.1
100 ## - MAIN ENTRY--AUTHOR NAME
Personal name Goddard,Eileen
245 10 - TITLE STATEMENT
Title Smoking, Drinking and Drug Use Among Young Teenagers in 1998
Statement of responsibility, etc /Eileen Goddard, Vanessa Higgins
250 ## - EDITION STATEMENT
Edition statement 1st ed.
260 ## - PUBLICATION, DISTRIBUTION, ETC. (IMPRINT)
Place of publication London:
Name of publisher Stationery Office Books,
Year of publication 1999.
300 ## - PHYSICAL DESCRIPTION
Number of Pages 109p.
Dimensions ;29cm.
650 ## - SUBJECT ADDED ENTRY--TOPICAL TERM
Topical Term Alcoholism
942 ## - ADDED ENTRY ELEMENTS (KOHA)
Koha item type English Books
Holdings
Withdrawn status Lost status Damaged status Not for loan Home library Current library Shelving location Date acquired Full call number Accession Number Price effective from Koha item type
        Anna Centenary Library Anna Centenary Library 4TH FLOOR, A WING 11.03.2026 362.2920835 GOD.1 322499 11.03.2026 English Books

Find us on the map